000 00330nam a22001457a 4500
008 210311b ||||| |||| 00| 0 eng d
020 _a0030785251
041 _aeng
080 _a579
082 _a579
100 _a11
101 _aMIK
245 _aMicrobiology, Molecules, Microbes and man
_cNester, E. W
942 _2udc
_cBK
999 _c56367
_d56367